[Event "Turnier 40 / 120"]
[Site "DESKTOP-NL3KVDB"]
[Date "2023.03.26"]
[Round "15"]
[White "Mephisto Risc II - 14 MHZ"]
[Black "Mephisto Phönix TM Vancouver - 36 MHZ"]
[Result "0-1"]
[BlackElo "2250"]
[WhiteElo "2244"]

{Analyse ----> Komodo 13.02.} 1. e4 e5 2. Nf3 Nc6 3. Bb5 Bb4 4. a3 Ba5 5.
b4 Bb6 6. Bb2 d6 7. d4 exd4 8. Nxd4 Qf6 9. O-O {Buchende} Bd7?? {Buchende /
ein grottenschlechter Buchzug, der bereits als Buchfehler bezeichnet werden
muss, nötig war Se7 mit ca. -0,40, nach dem Textzug steht Weiss bereits
ganz klar besser, Komodo +1,00} 10. Bxc6 bxc6 11. Bc3? {verspielt nahezu
den gesamten Vorteil, nötig war a4} Qh6? {völlig falsch, nötig war Dg6,
Komodo -1,00} 12. Nf5? {verspielt wieder den Vorteil, die Stellung ist im
Lot, nötig war a4} Bxf5 13. exf5 O-O-O??? {ein absoluter Verlustzug, danach
ist die Partie sofort verloren, Komodo -4,00 !!!, nötig war Sf6 mit
Ausgleich} 14. a4 a5 15. bxa5 Bc5 16. Nd2 d5 17. Rb1 Nf6 18. Qe2?? {ein
ganz schlechter Zug, der den Vorteil von Weiss mehr als halbiert, Komodo
+1,70, nötig war a6 mit +4,00} Rde8??? {eindeutig der falsche Turm nötig
war The8, danach ist die Partie wieder ganz klar verloren, Komodo -3,20}
19. Qa6+? {ein sinnloses Schachgebot, das den Vorteil von Weiss gleich
wieder halbiert, Komodo +1,50, nötig war Dd3} Kd7 20. Nf3 Qf4? {diese
Stellung überfordert beide Geräte bei Weitem, wieder ganz schlecht, nötig
war Ld6, Komodo -2,30} 21. Qd3 Re4? {es geht weiter in dieser Art und
Weise, ganz schlecht, Komodo -3,70, nötig war Te7} 22. g3 Qh6? {besser ist
noch Dd6, Komodo -5,00} 23. Bd2? {ein ganz schlechter Zug, der den Vorteil
von Weiss halbiert, Komodo +2,50, nötig war Kg2} Qh5 24. Rb7? {hier werden
praktisch nur Fehlentscheidung getroffen, deutlich besser ist immer noch
Kg2, Komodo +1,80} Ra8? {weit schwächer als Ld6, Komodo -2,60} 25. Bf4???
{ein absoluter Katastrophenzug, der nicht nur den gesamten Vorteil
verspielt, sondern gar die Vorzeichen umkehrt, Komodo +1,30 !! für Schwarz
mit der Fortsetzung Txf4, gewonnen hätte a6} Rxf4 26. gxf4 Qg4+ 27. Kh1
Qxf4 28. c4? {deutlich schwächer als Tb3, danach ist die Partie bereits
verloren, Komodo -2,50} Kc8 29. Rfb1??? {völlig orientierungslos, danach
ist alles aus, Komodo -5,00, nötig war Tb2} Ne4 30. Qb3??? {eine
Horrorvorstellung, Komodo -7,00, nötig war immer noch T7b2} dxc4 31. Rb8+
Rxb8 32. Qxb8+ Kd7 33. Rd1+ Bd6 34. Rxd6+ Nxd6 35. Ng1 Ne4?? {völlig
unlogisch, warum nicht einfach Dxf2 ?, verspielt ganze 3 Bauerneinheiten,
gewinnt aber natürlich auch noch leicht, Komodo +5,00} 36. f3 Nf2+ 37. Kg2
Nd3 38. Qg8??? {beschleunigt extrem den Untergang, um ganze 5
Bauerneinheiten !! schlechter als Df8, Komodo -11,00} Qg5+ 39. Kf1 Qf6! 40.
a6 c3 41. a7 {Komodo Matt in 12} c2 42. Ne2 Qe7 43. Qxf7 {Mephisto Risc II:
-9,99 ----> aufgegeben !} 0-1
[/pgn]
[pgn]

[Event "Turnier 40 / 120"]
[Site "DESKTOP-NL3KVDB"]
[Date "2023.03.27"]
[Round "16"]
[White "Mephisto Phönix TM Vancouver - 36 MHZ"]
[Black "Mephisto Risc II - 14 MHZ"]
[Result "1-0"]
[BlackElo "2244"]
[WhiteElo "2250"]

{Anylyse ----> Komodo 13.02.} 1. d4 c6 2. c4 d5 3. cxd5 cxd5 4. Nf3 Nf6 5.
Bf4 {Buchende} Nc6 {Buchende} 6. e3 {Buchbewertung TM Vancouver: +0,18} Bg4
{Buchbewertung Mephisto Risc II: -0,07 lt. Komodo steht Weiss knapp besser
mit ca. +0,30} 7. Qb3 Na5 8. Bb5+ Bd7 9. Qd3 Rc8 10. O-O Nc6 11. Nc3 e6 12.
a3 Be7 13. Rfc1 Nh5 14. Ne2 O-O 15. Ba4 Nxf4 16. Nxf4 Bd6 17. Ne2 f6 18.
Bc2 g6 19. Ba4 Qe7 20. Nc3 Na5 21. Bxd7 Qxd7 22. Qb5 Nc6 23. Qd3 a6 24. Na4
Qf7 25. Nb6 Rc7 26. Rc3 Na5 27. Rac1 Rxc3 28. Qxc3 Nc6 29. h3 Qc7 30. Na4
Rc8 31. Qd3 Qd8 32. Nc5 Ne7 33. Qd2 Bxc5 34. dxc5 e5 35. Qb4 b6 36. Rc3
bxc5 37. Rxc5 Rxc5 38. Qxc5 Kf7 39. Nd2 Qc8 40. Qxc8 Nxc8 {Die Stellung ist
im Lot, Komodo 0,00} 41. b4 Nd6 42. Nb3 Nb5 43. a4 Nc7 44. Kf1 Ke6 45. Nc5+
Kd6 46. Ke2 f5 {ein schwacher Zug, danach ist Weiss im Vorteil, Komodo
-0,70, deutlich besser ist a5 mit Ausgleich} 47. Kd3 g5 {Komodo -1,20 / lt.
Stockfish 15 gewinnt hier bereits die Fortsetzung g4 mit -2,70} 48. g3???
{verschenkt einfach alles, danach ist die Stellung wieder im Lot} g4 49. h4
Kc6 50. Kc3 h5??? {ein unglaublicher Verlustzug !!!, danach ist die Partie
sofort verloren, Komodo -6,00 mit der Fortsetzung Sxa6, nötig war Kd6 und
es ist Remis} 51. Nxa6 Nxa6 52. b5+ Kb6 53. bxa6 Kxa6 54. Kb4 Kb6 55. a5+
Kc6 56. a6 Kb6 57. a7 Kxa7 58. Kc5 {Rest geschenkt} 1-0
[/pgn]
[pgn]

[Event "Turnier 40 / 120"]
[Site "DESKTOP-NL3KVDB"]
[Date "2023.03.27"]
[Round "17"]
[White "Mephisto Risc II - 14 MHZ"]
[Black "Mephisto Phönix TM Vancouver - 36 MHZ"]
[Result "1/2-1/2"]
[BlackElo "2250"]
[WhiteElo "2244"]

{Analyse -----> Komodo 13.02.} 1. d4 Nf6 2. c4 c5 3. d5 e6 4. Nc3 exd5 5.
cxd5 d6 6. e4 g6 7. Nf3 Bg7 8. Be2 O-O 9. O-O a6 10. a4 Bg4 11. Bf4 Re8 12.
Nd2 Bxe2 13. Qxe2 Nh5 14. Be3 Nd7 15. g4 Nhf6 {Buchende} 16. f3 {Buchende}
Qe7 {Buchbewertung TM Vancouver: -0,03} 17. Nc4 {Buchbewertung Mephisto
Risc II: +0,19 / lt. Komodo ist die Stellung etwa gleich} Ne5 18. Nxe5 Qxe5
19. Rae1 Nd7 20. Rc1 Rab8 21. Rc2 Qe7 22. Rfc1 Ne5 23. b3? {ein schwacher
Zug, besser ist Kh1, Komodo -1,00} b5! 24. axb5 axb5 25. Nd1 b4 {deutlich
stärker ist f5, dennoch steht Schwarz klar besser, Komodo +1,00} 26. Nf2
Ra8 27. g5 Ra3 28. f4 Nd7 29. Qd3 h6 30. gxh6?? {ein ganz schlechter Zug,
der den Nachteil von Weiss verdoppelt, Komodo -1,60, deutlich vorzuziehen
war h4} Bxh6 31. Bd2 Qh4 32. Qf3 Bg7! {stark gespielt, Komodo +2,00} 33.
Kh1 {besser ist noch Tb1, Komodo -2,50} Bd4! 34. Be1 Qh5! {TM Vancouver
spielt ganz stark in dieser Phase und macht alles richtig} 35. Qd3??? {ein
Katastrophenzug, danach ist alles vorbei, Komodo -5,00 mit der Fortsetzung
Sf6, deutlich mehr Widerstand leistet noch Dxh5 mit ca. -2,50} f5? {weit
schwächer als Sf6, Komodo +3,60} 36. Bxb4 Raa8? {ein schwacher Zug,
deutlich besser ist fxe4, Komodo +2,00} 37. Bc3 {besser ist Le1, Komodo
-2,80} fxe4 38. Qh3 Qxd5??? {sieht im ersten Augenblick gut aus, ist es
aber nicht, ganz schlecht und bringt den Sieg in Gefahr, Komodo nur noch
+1,00 für Schwarz, nötig war e3} 39. Bxd4 e3+ 40. Kg1 {also hier
strapaziert Risc II echt meine Nerven, 15 Sekunden !! vor Ablauf der Zeit
zieht er hier erst, dachte er würde schon wieder mit Zeitüberschreitung
verlieren} Qxd4 41. Qxd7 exf2+ 42. Rxf2 Re2 43. Rf1 Raa2 44. Qc8+ Kg7 45.
Qd7+ Kf8 46. Qd8+ Kf7 47. Qd7+ Re7 48. Qh3 Rxf2 49. Rxf2 Kg7?? {ein ganz
schlechter Zug, der jeglichen Vorteil verspielt, danach ist die Partie
bereits Remis, Komodo 0,00 mit der Fortsetzung f5} 50. f5! Re1+ 51. Kg2
Qd5+ 52. Qf3 Qxf3+ 53. Rxf3 Re5 54. fxg6 Kxg6 55. Rc3 Kh5 56. Kf3 Kh4 57.
Kf4 Rd5 58. Ke4 Rd2 59. Kf5 Rd1 60. Ke6 {Userentscheid: Remis} 1/2-1/2
[/pgn]
[pgn]

[Event "Turnier 40 / 120"]
[Site "DESKTOP-NL3KVDB"]
[Date "2023.03.26"]
[Round "18"]
[White "Mephisto Phönix TM Vancouver - 36 MHZ"]
[Black "Mephisto Risc II - 14 MHZ"]
[Result "1/2-1/2"]
[BlackElo "2244"]
[WhiteElo "2250"]

{Analyse -----> Komodo 13.02.} 1. e4 e5 2. Nf3 Nc6 3. Bb5 a6 4. Ba4 Nf6 5.
d4 exd4 6. O-O Be7 7. Re1 b5 {Buchende} 8. Bb3 Bb4??? {Buchbewertung
Mephisto Risc II: +0,21 / tappt hier blind in eine Eröffnungsfalle, TM
Vancouver hat das noch im Buch, obwohl der 1. berechnete Zug verliert
sofort die Partie, Komodo -3,00 !!! mit der Fortsetzung c3} 9. c3 dxc3 10.
Nxc3??? {also da staunt man nicht schlecht über diesen klaren Buchfehler,
da stellt Vancouver gekonnt die Falle auf und dann lässt er den Gegner
nachdem der hineintappt wieder entkommen, unfassbar !! der Textzug
verspielt nahezu den gesamten Vorteil, Komodo nur noch +0,70 für Weiss
sofort gewonnen hätte e5 (lt. Stockfish 15 bereits mit +5,00 !!)} O-O???
{und jetzt tappt Risc II ein 2x in die Eröffnungsfalle, auch das hat
Vancouver erstauntlicherweise noch im Buch, nach dem Textzug ist die Partie
neuerlich klar verloren, Komodo -2,50, nötig war d6 !!} 11. e5 {Buchende}
Ng4 {Risc II ahnt noch nichts Böses, Bewertung: +0,10} 12. h3
{Buchbewertung TM Vancouver: +0,84 / Risc II tappt völlig blind durch diese
Eröffnung, er erwartet hier Te4 ?? und ist nach diesem Zug überrascht.}
Nh6?? {Mephisto Risc II: -0,02, sieht kein Problem, der nächste Fehlgriff,
deutlich besser ist noch Sxf2, Komodo -5,50} 13. Qd3?? {weit schwächer als
Lxh6, büsst ganze 2 Bauerneinheiten !! ein, gewinnt aber auch noch leicht,
Komodo +3,50 / TM Vancouver sieht immerhin im Gegensatz zu Risc II schon
klaren Vorteil: Bewertung: +1,27} Ne7??? {also Risc II ist mit Blindheit
geschlagen in dieser Partie und macht ausschliesslich fatale
Fehlentscheidungen; Komodo -6,00 !!, deutlich mehr Widerstand leistet noch
Lxc3} 14. Bxh6 gxh6 {Risc II: -0,06, ahnt immer noch nichts Böses, Komodo
-7,00} 15. Ne4?? {TM Vancouver: +1,00, völlig falsch, dennoch leicht
ausreichend, der Springer gehört nach d5, Komodo trotzdem +5,00, auch das
gewinnt spielend} Kg7 {Risc II: -0,60} 16. Red1?? {ein ganz schlechter Zug,
der ganze 2 Bauerneinheiten !! einbüsst, dennoch steht Weiss klar auf
Gewinn, Komodo +3,30, nötig war Sf6} d6? {man braucht es eigentlich nicht
mehr zu kommentieren, Risc II ist hier völlig überfordert, klar schwächer
als Sg6, Komodo -5,00} 17. a3 Bf5 18. axb4??? {ein grottenschlechter Zug,
der ganze 3 Bauerneinheiten !! einbüsst gegenüber 18. Dd4 !!, Komodo +2,20}
d5 19. Nfd2 dxe4 20. Qg3+ Ng6 21. Nxe4 Qe7 22. Bd5??? {so und nun schafft
es TM Vancouver und verspielt praktisch den gesamten Vorteil, Komodo nur
noch +0,30 für Weiss, gewonnen hätte 22. Sf6 !! mit +2,50} Rad8 23. Nf6
Qxb4??? {also bei dieser Partie macht das Kommentieren einen echt müde,
praktisch kein normaler Zug, der hier gespielt wird, neuerlich ein
Verlustzug, Komodo -3,00, nötig war Dxe5 mit Ausgleich} 24. Qf3 Ne7 25. b3?
{kaum hat man den vorigen Kommentar zu Ende getippt, wird der Vorteil
gleich wieder nahezu halbiert, Komodo +1,70, nötig war Lb3} a5? {und weiter
geht es auf diese Art und Weise, verliert wieder klar die Partie, Komodo
-3,20, nötig war Lg6} 26. Rac1! {da schau her ein richtiger Zug !} c5 27.
g4?? {deutlich stärker ist Le4 mit +4,00, aber auch nach dem Textzug steht
Weiss klar auf Gewinn, Komodo +2,60} Bg6 28. Nh5+ Bxh5 29. Qf6+ Kg8 30.
Qxe7 Qf4 31. Qxc5?? {ein ganz schwacher Zug, gewonnen hätte bereits Df6 mit
+3,00, nach dem Textzug ist Weiss noch mit ca. +1,30 im Vorteil} Bg6 32.
Rd4 Qg5 33. f4? {besser ist Tcd1, Komodo +1,00} Qh4 34. Kg2??? {die falsche
Figur, nötig ist Lg2 !!, nach dem Textzug ist Weiss nur noch knapp im
Vorteil mit ca. +0,60 lt. Komodo, lt. Stockfish 15 wurde damit bereits der
gesamte Vorteil verspielt und die Stellung ist im Lot mit der Fortsetzung
h5} Kh8? {doch auch diese Chance verpasst Risc II, nach dem Textzug ist die
Partie wieder klar verloren, Komodo -1,70, nötig war wie gesagt h5} 35.
Qxb5??? {ein Katastrophenzug, der mit einem Schlag einfach alles
verschenkt, danach ist die Partie bereits Remis, Komodo 0,00, nötig war Lf3
und Weiss gewinnt} h5 36. g5 Bf5 37. Rc3 Qe1 38. Rf3 Rd7 39. e6 Bxe6 40.
Be4 Rxd4 41. Qe5+ Kg8 42. Bxh7+ Kxh7 43. Qxe1 Bd5 44. Qxa5 Ra8 45. Qc5 Rd3
46. Kh2 Rxf3 47. Qxd5 Ra2+ 48. Kg1 Rxf4 49. Qd1 Kg8 50. Qxh5 Rff2 51. g6
Rg2+ 52. Kf1 Rxg6 53. Qe5 Re6 54. Qg3+ Kh7 55. Qd3+ Kg7 56. b4 Rf6+ 57. Ke1
Raa6 58. Qc3 {mit beiden Türmen auf der 6. Reihe kann natürlich kein
weisser Bauer mehr diese passieren, auch Schwarz hat nur noch einen Bauern,
wenn dieser vorrückt ist der König natürlich Schachgeboten ausgeliefert,
ergo, das gibt nichts mehr her, Userentscheid: Remis} 1/2-1/2
[/pgn]
[pgn]

[Event "Turnier 40 / 120"]
[Site "DESKTOP-NL3KVDB"]
[Date "2023.03.28"]
[Round "19"]
[White "Mephisto Risc II - 14 MHZ"]
[Black "Mephisto Phönix TM Vancouver - 36 MHZ"]
[Result "1-0"]
[BlackElo "2250"]
[WhiteElo "2244"]

{Analyse -----> Komodo 14.1.} 1. d4 Nf6 2. c4 c5 3. d5 b5 4. a4 bxc4 5. Nc3
d6 6. e4 g6 7. Bxc4 Bg7 8. Nf3 {Buchende} Bg4 {Buchende} 9. O-O
{Buchbewertung Mephisto Risc II: +0,12} Nbd7 {Buchbewertung TM Vancouver:
-0,03 / lt. Komodo steht Weiss etwas besser mit ca. +0,50} 10. h3 Bxf3 11.
Qxf3 O-O 12. Qe2 Qb6 13. a5 Qb4?? {ein ganz schlechter Zug, danach ist die
Partie praktisch schon verloren, Komodo -1,60 mit der Fortsetzung Lb5,
nötig war Dd8} 14. Bb5! Rab8 15. f4? {ein schwacher Zug, der den Vorteil
von Weiss mehr als halbiert, Komodo -0,60 mit der Fortsetzung Sxe4, nötig
war Ta4} Rfd8?? {verliert die Partie, Komodo -1,70} 16. Ra4 Qb3 17. Bc4
{deutlich vorzuziehen ist Tf3, Komodo +1,00} Qb7 18. Rf2 {weniger gut,
deutlich besser ist La6, Komodo +0,60} Nh5 19. Qd3? {ein schwacher Zug, der
jeglichen Vorteil verspielt, deutlich besser ist g4} Bd4 20. Be3 Bg7 {ein
schlechter Zug, danach steht Weiss wieder klar besser, Komodo -1,00, zum
Ausgleich hätte Sxf4 ! geführt} 21. Ba6 Qb3 22. Ra1 Rf8? {ein schwacher
Zug, danach steht Schwarz bereits auf verlorenem Posten, Komodo -1,50 mit
der Fortsetzung g4, der bestmögliche Zug ist aber hier für einen Oldie
praktisch nicht zu sehen und auch ich selbst hätte das niemals erwogen, es
ist Ld4 !! mit ca. -1,00} 23. Bb5 {klar schwächer als g4, Komodo +1,00}
Rfd8 24. g4 Nhf6 {ein schlechter Zug, hier allerdings KEIN Fragezeichen,
denn der bestmögliche Zug ist einfach nicht machbar für einen Oldie, es ist
Sxf4 !!, Komodo -1,40} 25. g5? {ein schlechter Zug, der den Grossteil des
Vorteiles verspielt, deutlich besser ist entweder Ta3 oder Lc4, Komodo
+0,30} Nh5 26. Ra3 Qb4 27. Ra4 Qb3 28. Ra1 Bxc3? {ein schwacher Zug,
deutlich besser ist Ld4 mit Ausgleich, Komodo -0,90} 29. Bc4 Qxb2 30. Rxb2
Bxb2 31. Rf1? {ein schlechter Zug, der den gesamten Vorteil verspielt,
danach ist die Stellung im Lot, Komodo 0,00, nötig war Tb1 mit ca. +1,00}
Rb4 32. Kg2 Bg7 {nicht ideal zum Ausgleich hätte entweder Ld4 oder Le5
geführt, nach dem Textzug steht Weiss wieder etwas besser, Komodo -0,60}
33. Bb5? {ein schlechter Zug, der Schwarz die Chance gibt klar in Vorteil
zu kommen, Komodo -1,00, allerdings muss man sagen der dafür nötige Zug ist
für einen Oldie einfach unmachbar, denn es ist der Hammerzug Tdb8 !!!, der
glatt den Springer d7 stehen lässt !!, das sieht aber auch nur eine
Top-Engine, das wäre selbst für den Weltmeister eine harte Nuss, behaupte
ich, ich persönlich wäre darauf NIEMALS gekommen.} Rb2+ {war klar Tdb8 !!
ist natürlich ausser Reichweite, der Textzug ist aber natürlich ganz
schlecht, da er die Vorzeichen umkehrt und ganze 2 Bauerneinheiten !!
einbüsst, danach ist Weiss mit ca. +1,00 im Vorteil, hier aber KEIN
Fragezeichen, das war einfach zu viel verlangt.} 34. Rf2 Rb4 35. Bd2 Rb2
36. Bc1 Rxf2+?? {ein Verlustzug, danach ist die Partie bereits verloren,
Komodo -1,50, nötig war Tb4 mit ca. -0,80} 37. Kxf2 Bd4+? {verschlimmert
die Lage deutlich, danach ist alles vorbei, Komodo -2,50, deutlich besser
ist noch Sf8, was TM Vancouver leider im letzten Moment verwirft} 38. Kf3?
{weit schwächer als Ke2, Komodo +1,80} Nb8??? {das ist einfach absurd, dort
hat der Springer absolut keine Zukunft ist doch völlig abgesperrt vom
Läufer, nach diesem Zug könnte man schon den Stecker ziehen, hier erübrigen
sich weitere Kommentare, Komodo -4,00, nötig war natürlich Sf8} 39. Be3
Bxe3 40. Kxe3 Rf8 41. Qb1 f6 42. gxf6 Nxf6 43. Bc4 a6 44. Qb7 {Rest
geschenkt} 1-0
[/pgn]
[pgn]

[Event "Turnier 40 / 120"]
[Site "DESKTOP-NL3KVDB"]
[Date "2023.03.29"]
[Round "20"]
[White "Mephisto Phönix TM Vancouver - 36 MHZ"]
[Black "Mephisto Risc II - 14 MHZ"]
[Result "1/2-1/2"]
[BlackElo "2244"]
[WhiteElo "2250"]

{Analyse -----> Komodo 14.1.} 1. Nf3 d5 2. g3 c6 3. Bg2 Bg4 4. O-O Nf6
{Buchende} 5. h3 Bxf3 {Buchbewertung Mephisto Risc II: +0,06} 6. Bxf3 e5 7.
d3 {Buchende} Be7 8. Nc3 {Buchbewertung TM Vancouver: +0,12 / lt. Komodo
ist die Stellung etwa gleich} O-O 9. e4 d4 10. Ne2 Na6 11. Bg2 Nd7 12. f4
Rc8 13. c3 Qb6? {weniger gut, nach cxd4 hat Weiss ein starkes Zentrum,
besser ist c5, Komodo -0,70} 14. cxd4 exd4 15. Kh2 c5 16. a3 Nc7 17. Qc2
Qa6 18. Bd2 h6 19. Rfc1 Rfe8 20. e5 Nb6 21. Qb3?? {ein ganz schwacher Zug,
da gibt es jede Menge weit bessere Optionen, um nur einige zu nennen: b4,
Le4, Sg1, Komodo +0,70} Rcd8 22. a4 Nbd5 23. Bf3? {auch nur zweitklassig,
besser ist Dc4 oder Le4, Komodo +0,30} b6 24. Bg2 {ideenlos, da war er doch
gerade} Bf8 25. a5?? {ein ganz schwacher Zug, der jeglichen Vorteil
verspielt, danach ist die Stellung im Lot, besser ist Te1 oder Le4} b5!
{natürlich, Vancouver hätte den ganz schwachen Zug Tb8 ?? erwartet.} 26.
Qa2 Rd7 {weniger gut, besser ist b4, Komodo -0,50} 27. b4! c4??? {ein
Verlustzug, danach ist die Partie bereits klar verloren, Komodo -2,30,
nötig war 27. Se3 mit nur ca. -0,50} 28. dxc4 bxc4 29. Rxc4 Ne3 30. b5!
{stark gespielt, die beste Fortsetzung, Komodo +3,00} Qg6 31. Bc6 {besser
ist Lxe3, Komodo +2,30} Nxc4 32. Qxc4 Red8 33. Bxd7? {ein ganz schwacher
Zug der den Vorteil von Weiss halbiert, Komodo +1,20, nötig war g4} Rxd7
34. Nxd4??? {ein grottenschlechter Zug, der einfach ALLES verschenkt,
danach ist die Partie bereits Remis, Komodo 0,00, nötig war Sg1 oder g4 mit
klarem Vorteil} Nxb5! 35. Be3 Nxd4 36. Bxd4 Rxd4 37. Qxd4 Qc2+ 38. Kh1 Qc6+
39. Kh2 Qc2+ 40. Kh1 Qc6+ 41. Kh2 Qc2+ {Stellungswiederholung} 1/2-1/2
[/pgn]
[pgn]